COMMUNICATION ET LANGAGES, N.90 (1991) (Record n. 204001)

Dettagli MARC
000 -LEADER
fixed length control field 00967nas a2200253Ia 4500
001 - CONTROL NUMBER
control field R107/A5443
003 - CONTROL NUMBER IDENTIFIER
control field IT-RoPAU
008 - FIXED-LENGTH DATA ELEMENTS--GENERAL INFORMATION
fixed length control field 151124c99999999xx |||||||||||| ||und||
040 ## - CATALOGING SOURCE
Original cataloging agency IT-RoPAU
040 ## - CATALOGING SOURCE
Transcribing agency IT-RoPAU
041 ## - LANGUAGE CODE
Language code of text/sound track or separate title FRANCESE
100 ## - MAIN ENTRY--PERSONAL NAME
Personal name Agnes Jean
Miscellaneous information Codice Aut. SPICS: 24832
210 ## - ABBREVIATED TITLE
Abbreviated title COMMUNICATION ET LANGAGES
222 ## - KEY TITLE
Key title Communication Et Langages
245 ## - TITLE STATEMENT
Title COMMUNICATION ET LANGAGES, N.90 (1991)
Remainder of title Un Journal Telecopie' Europeen
250 ## - EDITION STATEMENT
Edition statement 1a ed.
260 ## - PUBLICATION, DISTRIBUTION, ETC. (IMPRINT)
Place of publication, distribution, etc. PARIS
Name of publisher, distributor, etc. RETZ
Date of publication, distribution, etc. 1991
300 ## - PHYSICAL DESCRIPTION
Extent 17 p. [47-63]
362 ## - DATES OF PUBLICATION AND/OR SEQUENTIAL DESIGNATION
Dates of publication and/or sequential designation N.90 (1991)
501 ## - WITH NOTE
-- Paulus - SPICS - Società San Paolo EM (non-commercial uses only)
-- Copyright2015
500 ## - GENERAL NOTE
General note Giornale Europeo Trasmesso Via Fax. Due Anni di Esperimenti. Strumento Pedagogico. Educazione Ai Media, Informazione e Attualità. Spazio di Scambio Europeo per il Giornale Scolastico. Prospettive.
650 ## - SUBJECT ADDED ENTRY--TOPICAL TERM
Topical term or geographic name as entry element COMUNICAZIONE - LINGUAGGIO
Form subdivision PUBBLICAZIONE PERIODICA
942 ## - ADDED ENTRY ELEMENTS (KOHA)
Koha item type RIVISTA
Dati di copia
Withdrawn status Lost status Damaged status Not for loan Home library Current library Date acquired Total Checkouts Full call number Date last seen Price effective from Koha item type Public note
    Buone Condizioni Not For Loan SPICS-MEDIATECA SPICS-MEDIATECA 25/11/2015   R107/A5443 25/11/2015 25/11/2015 RIVISTA Progr. Ins: 44585 / Copia rara: NO / date import: 25.11.2015 / By Epidotti, Trombetti, Vaglietti
CREDITS: SOCIETA' SAN PAOLO Via A.Severo, 58 - ROMA (RM) & PERIODICI SAN PAOLO SRL Via Giotto, 36 MILANO & CISF Via Giotto, 36 MILANO & EDIZIONI SAN PAOLO SRL,  Piazza Soncino, 5 CINISELLO BALSAMO (MI) -- ITALY